000 01511nam0a22003251 4500
001 rc\4854687
005 20260407111017.0
021 _aRU
_b[57-30716]
035 _a(NLR Aleph) 008900913
090 _a8702248
_c8702248
100 _a20130426d1957 |||y0rusy50 ca
101 0 _arus
102 _aRU
105 _aa z |||||
200 1 _aТрактор С-80
_eКраткое руководство по эксплуатации
_fПод ред. инж. П.В. Мицына
_gМ-во трансп. машиностроения СССР. Челяб. трактор. завод
210 _aМосква
_aСвердловск
_cМашгиз. [Урало-Сиб. отд-ние]
_d1957
215 _a163 с., 1 л. черт.
_cил.
_d21
300 _aНа обороте тит. л. сост. инженеры: А.А. Лазарев, А.А. Никифоров, И.Я. Розет
606 _aТракторы
_xЭксплуатация
_2psbo
702 1 _aНикифоров
_bА.А.
_4220
702 1 _aРозет
_bИ.Я.
_4220
702 1 _4220
_7ca
_8rus
_aЛазарев
_bА. А.
_cканд. техн. наук
_f1914-2012
_gАнатолий Абрамович
_9259270
_3RU\NLR\AUTH\770259326
702 1 _aМицын
_bП.В.
_4340
712 0 1 _aСССР
_bМинистерство транспортного машиностроения
_3RU\NLR\AUTH\889938461
_9371767
801 0 _aRU
_bNLR
_gpsbo
801 1 _aRU
_bELAR
_2rusmarc
852 _aNLR
_j57-3/2489
942 _cBOOK
980 _aNB